000 00478nam a2200193Ia 4500
008 210417s9999 xx 000 0 und d
020 _a9780198473107
020 _b198473109
082 _a796 BER
082 _b2.796BER
245 0 _aSport Then and Now
245 0 _cSport Then and Now
250 _b24 p . : coll. ill. ; 25 cm ; pbk
260 _aOxford
260 _bOxford University Press
260 _c2003
700 _a"Berry, Shilo"
700 _bShilo Berry
999 _c451893
_d451893